Academic Identity in the Age of AI

Enregistré dans:
Détails bibliographiques
Auteur principal: Nelson, Richard
Format: Livre
Langue:anglais
Tags: Ajouter un tag
Pas de tags, Soyez le premier à ajouter un tag!

MARC

LEADER 00000nam a2200000 4500
001 0315363
005 20260309150150.4
020 |a 9781835498668 
041 0 |a eng 
245 1 0 |a Academic Identity in the Age of AI  |c Richard Nelson 
500 |a ProQuest e-books. 
100 1 |a Nelson, Richard